|
|
|
|
| LEADER |
00000naa a2200000 c 4500 |
| 001 |
1941720064 |
| 003 |
DE-627 |
| 005 |
20251120145127.0 |
| 007 |
tu |
| 008 |
251120s2003 xx ||||| o 00| ||ger c |
| 035 |
|
|
|a (DE-627)1941720064
|
| 035 |
|
|
|a (DE-599)KXP1941720064
|
| 040 |
|
|
|a DE-627
|b ger
|c DE-627
|e rda
|
| 041 |
|
|
|a ger
|
| 084 |
|
|
|a 2,1
|2 ssgn
|
| 100 |
1 |
|
|a Peters, Helge
|d 1937-
|e VerfasserIn
|0 (DE-588)115471596
|0 (DE-627)077272900
|0 (DE-576)162526644
|4 aut
|
| 109 |
|
|
|a Peters, Helge 1937-
|
| 245 |
1 |
0 |
|a [Rezension von: Kriminalität, Ökonomie und europäischer Sozialstaat]
|c Helge Peters, Oldenburg
|
| 264 |
|
1 |
|c 2003
|
| 336 |
|
|
|a Text
|b txt
|2 rdacontent
|
| 337 |
|
|
|a ohne Hilfsmittel zu benutzen
|b n
|2 rdamedia
|
| 338 |
|
|
|a Band
|b nc
|2 rdacarrier
|
| 655 |
|
7 |
|a Rezension
|0 (DE-588)4049712-4
|0 (DE-627)106186019
|0 (DE-576)209083166
|2 gnd-content
|
| 773 |
0 |
8 |
|i Enthalten in
|t Kriminologisches Journal
|d Weinheim : Beltz Juventa, 1969
|g 35(2003), 4, Seite 310-313
|w (DE-627)130092207
|w (DE-600)500591-7
|w (DE-576)018208223
|x 0341-1966
|7 nnas
|
| 773 |
1 |
8 |
|g volume:35
|g year:2003
|g number:4
|g pages:310-313
|
| 787 |
0 |
8 |
|i Rezension von
|t Kriminalität, Ökonomie und europäischer Sozialstaat
|d Heidelberg : Physica-Verlag, 2003
|h 273 S.
|w (DE-627)358052904
|w (DE-576)10272508X
|z 9783642632594
|z 3790800120
|
| 951 |
|
|
|a AR
|
| ELC |
|
|
|b 1
|
| LOK |
|
|
|0 000 xxxxxcx a22 zn 4500
|
| LOK |
|
|
|0 001 4809388085
|
| LOK |
|
|
|0 003 DE-627
|
| LOK |
|
|
|0 004 1941720064
|
| LOK |
|
|
|0 005 20251120145127
|
| LOK |
|
|
|0 008 251120||||||||||||||||ger|||||||
|
| LOK |
|
|
|0 040
|a DE-2619
|c DE-627
|d DE-2619
|
| LOK |
|
|
|0 092
|o n
|
| LOK |
|
|
|0 852
|a DE-2619
|
| LOK |
|
|
|0 852 1
|9 00
|
| LOK |
|
|
|0 939
|a 20-11-25
|b l01
|
| ORI |
|
|
|a SA-MARC-krimdoka001.raw
|